MDQL
is popping MORE tags! Check the
thread
!
Quizzes
Events
Quiz Creation
Community
Videos
Private Events
Remove Ads
Sign In
Join for FREE
Feedback
Dark Mode
Quiz Categories
Sports
Geography
Music
Movies
Television
Just For Fun
Miscellaneous
History
Literature
Language
Science
Gaming
Entertainment
Religion
Holiday
For Kids
Quiz Lab
Recent
Popular Today
Quiz Kudos Today
Editor Picks
Curator Picks
Quizzes by...
Day
Popularity
Type
Ratings
Length
Year
Community
Subscriptions
Recent Discussions
Orange Saloon
Badges
Playlists
Quests
Create
Leaderboards
Showdown
Live 5
Trivia Bingo
Activity
Puzzle Library
Sporcle Events
Private Events
Virtual Trivia
Globe League
Become a Host
Pub Owners
SporcleCon
Opinionation
Our Games
Videos
Blog
Mobile Apps
Partnerships
Remove Ads and Go Orange
Feedback
Sports
Athletes
MLB
NBA
NHL
NFL
Soccer
Sports Teams
WWE
NCAA
Football
Premier League
Basketball
Baseball
Hockey
Golf
Tennis
Cricket
Rugby
Auto Racing
Olympics
World Cup
Sports
Athletes
MLB
NBA
NHL
NFL
Soccer
Sports Teams
WWE
NCAA
Football
Premier League
Basketball
Baseball
Hockey
Golf
Tennis
Cricket
Rugby
Auto Racing
Olympics
World Cup
Random Quiz
Search Sporcle
×
Quiz Lab
Quiz Lab
Sports
Leader
Type in answers that appear in a list
Type in answers that appear in a list
Classic
Best Score? Go Orange.
Portland Trail Blazers All-Time Leaders Stats
Can you name the Portland Trail Blazers All-Time Leaders?
By
laalions22
6m
50 Questions
113 Plays
113 Plays
113 Plays
Comments
Comments
Give Quiz Kudos
Give Quiz Kudos
-
- Ratings
hide this ad
Replay
Link that replays current quiz
Next Quiz
Link to next quiz in quiz playlist
You Got
0%
They Got
Avg Score
60%
Avg Friend Score
Upgrade to see
Score Distribution
Jump to the score distribution portion of the page
Score
0/50
Timer
06:00
0
Plays Today
Hint
Player
% Correct
Points
Clyde Drexler
96.5%
Rebounds
Clyde Drexler
96.5%
Steals
Clyde Drexler
96.5%
Blocks
Clyde Drexler
96.5%
Assists
Clyde Drexler
96.5%
Points
LaMarcus Aldridge
91.2%
Rebounds
LaMarcus Aldridge
91.2%
Blocks
LaMarcus Aldridge
91.2%
Assists
Damian Lillard
89.4%
Points
Terry Porter
86.7%
Steals
Terry Porter
86.7%
Assists
Terry Porter
86.7%
Blocks
Bill Walton
83.2%
Points
Jerome Kersey
69.9%
Rebounds
Jerome Kersey
69.9%
Steals
Jerome Kersey
69.9%
Blocks
Jerome Kersey
69.9%
Assists
Jerome Kersey
69.9%
Steals
Damian Lillard
68.1%
Points
Rasheed Wallace
66.4%
Rebounds
Rasheed Wallace
66.4%
Rebounds
Arvydas Sabonis
66.4%
Blocks
Rasheed Wallace
66.4%
Blocks
Arvydas Sabonis
66.4%
Rebounds
Buck Williams
63.7%
Hint
Player
% Correct
Points
Clifford Robinson
62.8%
Rebounds
Clifford Robinson
62.8%
Blocks
Clifford Robinson
62.8%
Steals
Damon Stoudamire
62.8%
Steals
Clifford Robinson
62.8%
Assists
Damon Stoudamire
62.8%
Steals
Lionel Hollins
40.7%
Points
Jim Paxson
38.9%
Points
Damian Lillard
38.9%
Steals
Jim Paxson
38.9%
Assists
Jim Paxson
38.9%
Points
Geoff Petrie
38.1%
Assists
Rod Strickland
38.1%
Assists
Geoff Petrie
38.1%
Rebounds
Sidney Wicks
36.3%
Points
Mychal Thompson
34.5%
Rebounds
Mychal Thompson
34.5%
Blocks
Mychal Thompson
34.5%
Assists
Mychal Thompson
34.5%
Steals
Larry Steele
26.5%
Assists
Larry Steele
26.5%
Blocks
Joel Przybilla
24.8%
Steals
Bob Gross
23.9%
Rebounds
Lloyd Neal
20.4%
Blocks
Wayne Cooper
20.4%
Quiz Playlist
Details
Report
Send in Message
Add To Playlist
Classic:
Type in answers that appear in a list
Last Updated: Feb 16, 2017
Quiz Scoreboard
CHALLENGE
Sign Up to Join the Scoreboard
Show All
Scores
Hide
Comments
May contain spoilers
Recently Published
Holiday 10x10 Sorting Gallery
by lukepisani3
Holiday
15m
Two Season TV Shows II
by 123Four
Television
10m
Image Sorting: Flags VI
by Barbecue
Geography
2m
More to Explore
Quiz From the Vault
Featured Blog Post
14 Easter Pick-up Lines to Find Eggs With
hide this ad
You Might Also Like...
Tags
Leader
Player
portland
Portland Trail Blazers
trail
Today's Top Quizzes in Sports
Browse Sports
hide this ad
Today's Top Quizzes in Leader
Browse Leader
Top Contributed Quizzes in Sports
1
Les meilleurs buteurs des matchs entre le PSG et l’OM
2
Les entraîneurs de l'OM et du PSG au 21e siècle
3
2022 World Cup Stars
4
Les joueurs passés par le PSG et l'OM
5
Players with Multiple 50 Home Run Seasons
6
FIFA Club World Cup Champions
7
Top 10 NHL Goal Scorers of All Time
8
Les joueurs passés par le LOSC et le RC Lens
9
Criteria MLB: Left Handed Sluggers
10
2023 MLB Unique Player Accomplishments
Explore More
Trending Topics
Disney
NBA
Crossword
Marvel
Harry Potter
Kpop
Anime
Pokémon
NFL
The Office
Soccer
Song
Country
Puzzle
WWE
hide this ad
More By:
laalions22
Quiz
Plays
Rating
Category
Featured
Created
20 Largest Cities in China
2,431
4.17
Geography
Jun 12, 2016
US Cities with Top 100 tallest skyscrapers
1,640
4.85
Geography
Jan 16, 2016
20 Largest Cities in the UK
1,631
2.75
Geography
Jul 30, 2020
20 Largest Cities in Canada
1,392
3.67
Geography
Jun 25, 2016
20 Largest Cities in Australia
1,141
4.60
Geography
Jun 17, 2016
Go to Creator's Profile
Score Distribution
Quiz Creator Spotlight
laalions22
Follow
Send a Message
Quizzes Created
-
Created Quiz Play Count
-
More By This Creator
Popular Quizzes Today
1
Find the US States - No Outlines Minefield
2
Colored Red Africa Blitz
3
Find the 'City' Movie
4
The Countries of the World
5
5x2 Blitz: Bands
6
Find the Countries of Europe - No Outlines Minefield
7
Find the US States
8
US States
More Sports Quizzes
Clubs with 5+ Players at 2018 World Cup
Quiz Lab
Trending Quizzes
Colored Red Europe Blitz I
Colored Red Europe Blitz II
Colored Red Africa Blitz II
Even More Two Season TV Shows
Colored Red Africa Blitz III
Recently Updated
Odd Team Out - Big 4 Players
pecheneg
Quick Pick: 20 Twenties
pecheneg
March Madness Men's Triple Doubles
pecheneg
How Do You Spell That?
pecheneg
Godzilla Movies
pecheneg
Grab Bag: 4-10 Letters
pecheneg
2024 March Madness Bracket
pecheneg
Famous TV Couples
Peacemaker
Champions League XIs: Real Madrid
pecheneg
Largest US Cities 1790-2010
pecheneg
Trending Topics
Anime
Kpop
Disney
Marvel
NBA
Harry Potter
Crossword
Song
Soccer
Puzzle
NFL
Pokémon
The Office
Country
WWE
Your Account Isn't Verified!
In order to create a playlist on Sporcle, you need to verify the email address you used during registration. Go to your
Sporcle Settings
to finish the process.
Report this User
Report this user for behavior that violates our
Community Guidelines
.
Details:
Send Report
Go to the Sporcle.com Mobile Site →
Comments